| 000 | 00706nam a2200229Ia 4500 | ||
|---|---|---|---|
| 003 | OSt | ||
| 005 | 20220927104439.0 | ||
| 006 | a|||||r|||| 00| 0 | ||
| 007 | ta | ||
| 008 | 220926b |||||||| |||| 00| 0 eng d | ||
| 024 | _a147476 | ||
| 037 | _cReference Collections | ||
| 040 |
_aRTL _cRTL _beng |
||
| 041 |
_2eng _aeng |
||
| 082 | _a"X9(KZ31:71):51.2.N5t, J0/GD" | ||
| 110 |
_a"India, Agricultural marketing" _9365935 |
||
| 245 | 0 | _aReport on the marketing of milk in the Indian Unio | |
| 260 | _c1950 | ||
| 700 |
_a"India, Agricultural marketing" _9365936 |
||
| 942 |
_h"X9(KZ31:71):51.2.N5t, J0/GD" _cCC |
||
| 999 |
_c687491 _d687491 |
||